000 00603nam a2200169Ia 4500
003 GCL
008 140319s9999 xx 000 0 ara d
040 _aGCL /
_cGCL
082 0 4 _a219.1
_bع.م
100 1 _aعبدالسلام محمد هارون
245 1 0 _aالميسر والازلام: دراسة تاريخية اجتماعية ادبية ودعوة الى اصلاح اجتماعى /
_cعبدالسلام محمد هارون
260 _a[S.N] :
_bمكتبة السنة للنشر والتوزيع ،
_c1987
300 _a116 ص
490 _a
650 0 4 _aالقمار
942 _2ddc
_cBK
999 _c54365
_d54365